| 000 | 01655cam a2200373 a 4500 | ||
|---|---|---|---|
| 999 |
_c328615 _d328615 |
||
| 001 | 15055624 | ||
| 003 | Nust | ||
| 005 | 20170412152927.0 | ||
| 008 | 071023s2007 nyu d 000 1 eng | ||
| 010 | _a 2007038855 | ||
| 020 | _a9780316113472 (pbk.) | ||
| 020 | _a9780755346691 | ||
| 040 |
_aDLC _cDLC _dDLC |
||
| 042 | _alcac | ||
| 050 | 0 | 0 |
_aPZ7.V94 _bLuc 2007 |
| 082 | 0 | 0 |
_a813.6 _bZIE |
| 100 | 1 | _aVon Ziegesar, Cecily. | |
| 245 | 1 | 0 |
_aLucky : _ban It Girl novel / _ccreated by Cecily von Ziegesar. |
| 250 | _a1st ed. | ||
| 260 |
_aNew York : _bLittle, Brown, _c2007. |
||
| 300 |
_a246 p. ; _c21 cm. |
||
| 500 | _a"Poppy." | ||
| 520 | _aElite Waverly Academy's standards of conduct are strained when Callie and Tinsley recruit a prospective student who is visiting campus to spy for them, in order to implicate Jenny as the arsonist who burned down an antique barn at the Miller farm. | ||
| 521 | 1 | _aAges 15 and up. | |
| 650 | 1 |
_aConduct of life _vFiction. |
|
| 650 | 1 |
_aInterpersonal relations _vFiction. |
|
| 650 | 1 |
_aBoarding schools _vFiction. |
|
| 650 | 1 |
_aSchools _vFiction. |
|
| 650 | 1 |
_aArson _vFiction. |
|
| 651 | 1 |
_aNew York (State) _vFiction. |
|
| 856 | 4 | 2 |
_3Contributor biographical information _uhttp://www.loc.gov/catdir/enhancements/fy0803/2007038855-b.html |
| 856 | 4 | 2 |
_3Publisher description _uhttp://www.loc.gov/catdir/enhancements/fy0803/2007038855-d.html |
| 906 |
_a7 _bcbc _corignew _d1 _eecip _f20 _gy-gencatlg |
||
| 942 |
_2ddc _cBK |
||